header

The debate on the the [sic] rise of the British empire (Record no. 55800)

MARC details
000 -LEADER
fixed length control field 01532nam a2200385 a 4500
082 04 - DEWEY DECIMAL CLASSIFICATION NUMBER
Classification number 325/.32094
100 1# - MAIN ENTRY--AUTHOR NAME
Personal name Webster, Anthony.
245 14 - TITLE STATEMENT
Title The debate on the the [sic] rise of the British empire
260 ## - PUBLICATION, DISTRIBUTION, ETC. (IMPRINT)
Place of publication Manchester ;
-- New York :
Name of publisher Manchester University Press ;
Place of publication New York :
Name of publisher Distributed in the USA by Palgrave,
Year of publication 2006.
300 ## - PHYSICAL DESCRIPTION
Number of Pages x, 198 p.
650 #0 - SUBJECT ADDED ENTRY--TOPICAL TERM
Topical Term Imperialism
856 40 - ELECTRONIC LOCATION AND ACCESS
Uniform Resource Identifier http://site.ebrary.com/lib/rucke/Doc?id=10623284

No items available.

© 2026 Rongo University
Contact us: librarian | system librarian | Rongo university